000 01012nam0a22003011 4500
001 RU\NLR\A1SV\42722
005 20251203171251.9
035 _a(NLR Aleph) 009724964
090 _a9887326
_c9887326
100 _a20020617d1924 u y0rusy50 ca
101 0 _arus
102 _aRU
200 1 _aВ объятиях Северного Ледовитого океана
_eОчерки из жизни рыбаков
_fПетр Добрый
_gРис. Е.Львова
210 _aМ.
_cГ.Ф.Мириманов
_d1924
215 _a40 с.
_cил.
_d25 см
225 _aБ-ка школьника
620 _dМосква
700 1 _aДобрый
_bП.
_gПетр
_4070
702 1 _4070
_7ca
_8rus
_aЛьвов
_bЕ. А.
_cхудожник
_f1892-1983
_gЕвгений Александрович
_9243660
_3RU\NLR\AUTH\770243716
801 0 _aRU
_bNLR
_c20020617
852 _aNLR
_j35/2461
899 _aРГБ
899 _aБАН
899 _aРКП
942 _cBOOK
980 _aNB
980 _aA1SV